Elecciones en Colombia 1990-2018 (Registro nro. 316844)

Detalles MARC
000 -ENCABEZADO
Número de control [NR] 01096 a2200253 4500
005 - FECHA Y HORA DE LA ÚLTIMA TRANSACCIÓN
control field 20191202143659.0
008 - DE LONGITUD FIJA DE DATOS DE ELEMENTOS - INFORMACIÓN GENERAL
Elementos de longitud fija [NR] 191128s2019 ck ||||| |||| 00| 0 spa d
020 ## - NUMERO INTERNACIONAL NORMALIZADO PARA LIBROS [R]
Número Internacional Normalizado del libro [NR] 9789587901948
040 ## - FUENTE DE CATALOGACION [NR]
Agencia de catalogación original [NR] CO-BoUCM
Idioma de catalogación [NR] spa
Quien Cataloga Saul Niño
Quien Clasifica Saul Niño
041 0# - CODIGO DE IDIOMA [R]
Código de idioma para texto/pista de sonido o título separado [R] Español
100 10 - ASIENTO PRINCIPAL--NOMBRE PERSONAL [NR]
Nombre personal [NR] Pérez Gómez, Carmen Cecilia
ID Autoridad 99367
245 10 - MENCION DE TITULO [NR]
Título [NR] Elecciones en Colombia 1990-2018
Parte restante del título [NR] debates presidenciales y parlamentarios
Mención de responsabilidad, etc. [NR] Carmen Cecilia Pérez Gómez
260 ## - PUBLICACION, DISTRIBUCION, ETC. (PIE DE IMPRENTA) [R]
Lugar de publicación, distribución, etc. [R] Bogotá (Colombia)
Nombre del editor, distribuidor, etc. [R] Universidad Externado de Colombia, Centro de Investigaciones sobre Dinámica Social
Fecha de publicación, distribución, etc. [R] 2019
300 ## - DESCRIPCION FISICA [R]
Extensión [R] 479 páginas
490 0# - MENCION DE SERIE [R]
Mención de serie [R] Cuadernos del CIDS (Centro de investigaciones sobre dinámica social). Serie I
Designación numérica/secuencial del volumen [NR] 30
650 #7 - ASIENTO SECUNDARIO DE MATERIA - TERMINO TEMATICO [R]
Término temático o nombre geográfico como elemento de entrada [NR] Elecciones
Subdivisión geográfica [R] Colombia
9 (RLIN) 27482
650 #7 - ASIENTO SECUNDARIO DE MATERIA - TERMINO TEMATICO [R]
9 (RLIN) 13957
Término temático o nombre geográfico como elemento de entrada [NR] Elecciones
Subdivisión general [R] Aspectos constitucionales
Subdivisión geográfica [R] Colombia
Subdivisión cronológica [R] 1990-2018
650 #7 - ASIENTO SECUNDARIO DE MATERIA - TERMINO TEMATICO [R]
9 (RLIN) 7900
Término temático o nombre geográfico como elemento de entrada [NR] Partidos políticos
Subdivisión cronológica [R] 1990-2018
650 #7 - ASIENTO SECUNDARIO DE MATERIA - TERMINO TEMATICO [R]
9 (RLIN) 10417
Término temático o nombre geográfico como elemento de entrada [NR] Candidaturas
650 #7 - ASIENTO SECUNDARIO DE MATERIA - TERMINO TEMATICO [R]
9 (RLIN) 10375
Término temático o nombre geográfico como elemento de entrada [NR] Campañas políticas
650 #7 - ASIENTO SECUNDARIO DE MATERIA - TERMINO TEMATICO [R]
9 (RLIN) 22229
Término temático o nombre geográfico como elemento de entrada [NR] Presidentes
Subdivisión geográfica [R] Colombia
Subdivisión cronológica [R] 1990-2018
942 ## - ELEMENTOS DE ENTRADA AGREGADOS (KOHA)
Tipo de ítem principal el descrito en 300a Libro
Sistema de clasificación DEWEY
Tema principal Derecho
Edición 1
Clasificación 324.609861
Parte restante de la signatura top. P944e
Existencias
Fecha de último préstamo Total préstamos Signatura topográfica Código de barras Última vez visto Ejemplar Costo de reposición Price effective from Tipo de ítem Perdido Sistema de clasificación Dañado No prestable Tipo de ítem específico Suprimido Ubicación habitual Ubicación actual Localización Fecha de creación Proveedor Forma de adquisición Costo
02/12/2019 1 324.609861 P944e 100165241 06/06/2024 Ej.1 72900.00 28/11/2019 Libro   DEWEY     Libro   Bodega Bodega 3er piso 28/11/2019 14 Compra 72900.00